Cuzco (Registro nro. 19864)

Detalles MARC
000 -CABECERA
Longitud fija campo de control 00645cam a2200229u 4500
001 - NÚMERO DE CONTROL
Número de control 8476510
003 - IDENTIFICADOR DELl NÚMERO DE CONTROL
Identificador del número de control OSt
005 - FECHA Y HORA DE LA ÚLTIMA TRANSACCIÓN
Fecha y hora de la última transacción 20150324213002.0
008 - CÓDIGOS DE INFORMACIÓN DE LONGITUD FIJA
Códigos de información de longitud fija 820803s1957 xx ab 000 0 eng
010 ## - NÚMERO DE CONTROL DE LA BIBLIOTECA DEL CONGRESO
Número de control de LC 66093957
040 ## - FUENTE DE LA CATALOGACIÓN
Centro transcriptor BMC
082 ## - NÚMERO DE LA CLASIFICACIÓN DECIMAL DEWEY
Númeroo de clasificación 985.8537
082 ## - NÚMERO DE LA CLASIFICACIÓN DECIMAL DEWEY
Númeroo de clasificación 985.019
100 1# - PUNTO DE ACCESO PRINCIPAL-NOMBRE DE PERSONA
9 (RLIN) 33086
Nombre de persona Rozas L., Edgar Alberto
245 10 - MENCIÓN DE TÍTULO
Título Cuzco
Resto del título : ciudad monumental y capital arqeologica de sud america
Mención de responsabilidad, etc. Edgar Alberto Rozas L.
250 ## - MENCIÓN DE EDICIÓN
Mención de edición 2ª ed
260 ## - PUBLICACIÓN, DISTRIBUCIÓN, ETC. (PIE DE IMPRENTA)
Lugar de publicación, distribución, etc. Cuzco
Nombre del editor, distribuidor, etc. H. G. Rozas
Fecha de publicación, distribución, etc. 1957
300 ## - DESCRIPCIÓN FÍSICA
Extensión 278 p., 1 h. pleg.
Otras características físicas il., maps
Dimensiones 26 cm
650 24 - PUNTO DE ACCESO ADICIONAL DE MATERIA - TÉRMINO DE MATERIA
9 (RLIN) 370
Término de materia o nombre geográfico como elemento inicial Incas
651 #4 - PUNTO DE ACCESO ADICIONAL DE MATERIA - NOMBRE GEOGRÁFICO
Nombre geográfico Cuzco
Subdivisión de materia general Descripción
9 (RLIN) 33068
942 ## - ENTRADA DE ELEMENTOS AGREGADOS (KOHA)
Fuente de clasificaión o esquema Dewey Decimal Classification
Koha [por defecto] tipo de item 1- Monografias
Parte de clasificación ahoj
Existencias
Suprimido Perdido Fuente de clasificación o esquema Estropeado Restricciones de uso No para préstamo Código de colección Localización permanente Localización actual Localización en estanter&íacute;as Fecha adquisición Fuente de adquisición Número de inventario Préstamos totales Signatura completa Código de barras Fecha última consulta Coste, precio reemplazado Fecha del precio de reemplazo Tipo de item de Koha
NULL NULL Dewey Decimal Classification NULL Prestable NULL NULL Biblioteca Miguel de Cervantes - UNICAES Biblioteca Miguel de Cervantes - UNICAES Sala Principal 24/03/2015 Donación - Romeo Tovar Astorga 029406   985.85 ROZ cuz 1030059 24/03/2015 18.00 24/03/2015 1- Monografias